Imagined history

Titel: Imagined history : chapters from nineteenth and twentieth century Hungarian symbolic politics
Verfasser:
Körperschaft:
Veröffentlicht: Boulder, Colo. : Center for Hungarian Studies and Publications, 2006
Umfang: xvii, 403 p.
Format: Buch
Sprache: Englisch
Schriftenreihe/
mehrbändiges Werk:
CHSP Hungarian studies series ; No. 9
East European monographs ; 672
Social Science Monographs (Series)
RVK-Notation:
Schlagworte:
ISBN: 088033570X ; 9780880335706
Buchumschlag
X
alg: 34898558
001A    $06057:25-10-14 
001B    $06055:27-02-26 $t17:53:55.000 
001C    $06057:25-10-14 $t05:11:59.000 
001D    $06057:25-10-14 
001U    $0utf8 
001X    $00 
002@    $0Aax 
003@    $0348985584 
004A    $00-88033-570-X 
004A    $A978-0-88033-570-6 
006B    $0GBA590603 
007A    $0348985584 $aHEB 
007T    $0Herdd03574 
010@    $aeng 
011@    $a2006 
013D    $#Beiträge Formschlagwort $#Einzelbeiträge $#Sammelwerk Formschlagwort $D20251120 $Ecgmnf $74143413-4 $8Aufsatzsammlung [Tsz] $9085562742 
021A    $aImagined history $dchapters from nineteenth and twentieth century Hungarian symbolic politics 
027A    $aKépzelt tőrtenélem. English 
028A    $#Gerö, András $#Geroe, András $D20231015 $Ecgwrk $717293799X $8Gerő, András$Z1952-2023 [Tp1] $9297120972 
029F    $aCenter for Hungarian Studies and Publications 
033A    $pBoulder, Colo. $nCenter for Hungarian Studies and Publications 
034D    $axvii, 403 p. 
036E    $aCHSP Hungarian studies series $lNo. 9 
036E/01 $aEast European monographs $l672 
036E/02 $aSocial Science Monographs (Series) 
037A    $aIncludes bibliographical references and indexes. 
039U    $8--Oox--Benes, Tuska. Gerő, András. Imagined history. - Boulder, Colo. : Center for Hungarian Studies and Publications. -  2006 [Rezension], 2008 $9394921046 
039U    $8--Aox--Ras, Franciska. Gerő, András. Imagined history. - Boulder, Colo. : Center for Hungarian Studies and Publications. -  2006 [Rezension], 2009 $9394941829 
039U    $8--Aox--Nemes, Robert. Gerő, András. Imagined history. - Boulder, Colo. : Center for Hungarian Studies and Publications. -  2006 [Rezension], 2007 $9394962281 
041K    $aNationalism--Hungary 
041K/01 $aHungary--Politics and government--19th century 
041K/02 $aHungary--Politics and government--20th century 
041K/03 $aHungary 
044K    $RBewusstsein $RNationalismus $RNationenbildung $RPatriotismus $#Nationalism $#Nationalisme $#Nationalbewusstsein $#nationale Identität $#Nationale Identität $#Nationale Identität Nationalbewusstsein $#Nationales Bewusstsein $#Nationalgefühl $#Historische Identität Nationalbewusstsein $D20251120 $Ecgmnf $74041282-9 $8Nationalbewusstsein [Ts1] $9085112976 
044K    $RPolitik $#symbolische Politik $#Symbolpolitik $D20251120 $Ecgmnf $74277311-8 $8Symbolische Politik [Ts1] $9086492004 
044K    $RÖsterreich-Ungarn $#Ungarn $#Ungarn $#Ungarische Räterepublik $#Königreich Ungarn $#Die @Länder der ungarischen Krone $#Transleithanien $#Magyarország $#Magyar Köztársaság $#Magyar Tanácsköztársaság $#Government of the Hungarian Republic $#Zemalja Ugarske Krune $#VNR $#Ungern $#Ungarische Republik $#Republik Ungarn $#Ungarische Volksrepublik $#Volksrepublik Ungarn $#Magyar Népköztársaság $#Hungary $#Hungarian Republic $#Hongrie $#Vengerskaja Narodnaja Respublika $#Hungarian People's Republic $#HPR Hungarian People's Republic $#République Populaire Hongroise $#Ungarische VR $#Republic of Hungary $#Vengrija $D20251120 $Ecgmnf $74078541-5 $8Ungarn [Tgz] $9085222712 
044K    $RSymbol $RStaatssymbol $#Symbolism in politics $#Symbolisme en politique $#Simbolismo en política $#Symbol Politik $#Politische Symbolik $D20251120 $Ecgmnf $74175051-2 $8Politisches Symbol [Ts1] $9085818070 
044K    $RPersönlichkeit $RBerühmte Persönlichkeit $#Personality and history $#Individu et histoire $#Geschichtliche Persönlichkeit $#Grosse Persönlichkeit $#Historische Gestalt $#Historische Größe $D20251120 $Ecgmnf $74025111-1 $8Historische Persönlichkeit [Ts1] $9085062383 
044K    $RNationalbewegung $RNationalbewusstsein $RPatriotismus $#Nationalism $#Nationalisme $#Nazionalismo $#Nacionalismo $#Nationalismus $#Nationalismus $#Nationalismus $#Pannationalismus $D20251120 $Ecgmnf $74041300-7 $8Nationalismus [Ts1] $9085113069 
044K    $#Politics and government $#Politics, Practical $#Politique et gouvernement $#Pratiques politiques $#Politica $#policies $#Politics $#Politik $#Politik $#Staatspolitik $#Politische Lage $#Politische Entwicklung $#Politische Situation $D20251120 $Ecgmnf $74046514-7 $8Politik [Tsz] $9085129836 
044K    $RSymbolik $RZeichen $#Signs and symbols $#Signes et symboles $#Simboli $#Signos y símbolos $#Symbol $#Symbole $#Sinnbild $#Symbole $D20251120 $Ecgmnf $74058716-2 $8Symbol [Ts1] $9085163295 
045B    $a943.905 $eDDC22eng 
045F    $a909 $eDDC23BSB 
045F/01 $a909 
045F/03 $g439 
045Z    $D20251120 $Ecgmnf $8MG 98030 [Tkv] $941057211X 
045Z    $D20251120 $Ecgmnf $8NK 2460 [Tkv] $9410888524 
045Z    $D20251120 $Ecgmnf $8NQ 4620 [Tkv] $9410914673 
045Z    $D20251120 $Ecgmnf $8NQ 8220 [Tkv] $9410919314 

lok: 34898558 78

exp: 34898558 78 1 #EPN
201B/01 $019-04-17 $t14:55:24.000 
201U/01 $0utf8 
203@/01 $0791890511 
208@/01 $a12-11-16 $be 
209A/01 $a/ $f000 $x00 
220C/01 $aTitelaufnehmer: dt 
237A/01 $aUngarische Fassung: Képzelt történelem. Budapest 2004 
244Z/01 $2Trx $#Ungari $#Vengrija $#Ungārija $#Ungarn $#Hungary $#Węgry $#Maďarsko $#Maďarsko $#Uhorsko $#Uhersko;Uhry $8--Trx--Magyarország $x01 $9391197150 
244Z/01 $aGeschichte 1840-2002 $x02 
244Z/01 $2Trx $#kultuur, poliitiline $#politinė kultūra $#Culture, political $#kultúra, politikai $#kultura polityczna $#kultúra politická $#kultura politická $8--Trx--Kultur, politische $x03 $9391358995 
244Z/01 $2Trx $#märgid ja sümbolid $#ženklai ir simboliai $#Signs and symbols $#jelek és szimbólumok $#znaki i symbole $#znaky a symboly $#znaky a symboly $#Symbole $#symboly $8--Trx--Zeichen und Symbole $x04 $9391376454 
244Z/01 $2Trx $#rahvuslik taasärkamine, Ungari $#vengrų tautinis judėjimas $#national movement, hungarian $#nemzeti mozgalom, magyar $#ruch narodowy, węgierski $#hnutie národné, maďarské $#hnutí národní, maďarské $8--Trx--Nationalbewegung, ungarische $x05 $9391365126 
244Z/01 $2Trx $8--Trx--Monographie $x06 $9391384546 
245Z/01 $a07.04 $x01 
247C/01 $82080>Marburg/Lahn, Herder-Institut, Forschungsbibliothek, Bibliographieportal $9336309341
LEADER 00000cam a22000002c 4500
001 348985584
003 DE-603
005 20260227175355.0
007 tu
008 141025s2006 xx |||| | u00||u|eng c
020 |a 088033570X 
020 |a 9780880335706 
035 |a (DE-599)HEB348985584 
040 |a DE-603  |b ger  |c DE-603  |d DE-603 
041 |a eng 
082 0 4 |8 1\u  |a 909  |q DE-101  |2 23/BSB 
083 7 |a 943.905  |2 22/eng 
084 |a MG 98030  |0 (DE-625)122877:12037  |0 (DE-603)41057211X  |2 rvk 
084 |a NK 2460  |0 (DE-625)125894:  |0 (DE-603)410888524  |2 rvk 
084 |a NQ 4620  |0 (DE-625)128496:  |0 (DE-603)410914673  |2 rvk 
084 |a NQ 8220  |0 (DE-625)128959:  |0 (DE-603)410919314  |2 rvk 
085 |8 1\u  |b 909 
085 |8 1\u  |z 2  |s 439 
100 1 |a Gerő, András  |d 1952-2023  |0 (DE-603)297120972  |0 (DE-588)17293799X  |2 gnd 
245 0 0 |a Imagined history  |b chapters from nineteenth and twentieth century Hungarian symbolic politics 
246 1 3 |a Képzelt tőrtenélem. English 
264 1 |a Boulder, Colo.  |b Center for Hungarian Studies and Publications  |c 2006 
300 |a xvii, 403 p. 
490 0 |a CHSP Hungarian studies series  |v No. 9 
490 0 |a East European monographs  |v 672 
490 0 |a Social Science Monographs (Series) 
500 |a Includes bibliographical references and indexes. 
650 7 |a Nationalbewusstsein  |0 (DE-588)4041282-9  |0 (DE-603)085112976  |2 gnd 
650 7 |a Symbolische Politik  |0 (DE-588)4277311-8  |0 (DE-603)086492004  |2 gnd 
650 7 |a Politisches Symbol  |0 (DE-588)4175051-2  |0 (DE-603)085818070  |2 gnd 
650 7 |a Historische Persönlichkeit  |0 (DE-588)4025111-1  |0 (DE-603)085062383  |2 gnd 
650 7 |a Nationalismus  |0 (DE-588)4041300-7  |0 (DE-603)085113069  |2 gnd 
650 7 |a Politik  |0 (DE-588)4046514-7  |0 (DE-603)085129836  |2 gnd 
650 7 |a Symbol  |0 (DE-588)4058716-2  |0 (DE-603)085163295  |2 gnd 
651 7 |a Ungarn  |0 (DE-588)4078541-5  |0 (DE-603)085222712  |2 gnd 
655 7 |a Aufsatzsammlung  |2 gnd-content  |0 (DE-588)4143413-4  |0 (DE-603)085562742 
710 2 |a Center for Hungarian Studies and Publications 
787 0 8 |i Rezensiert in  |a Benes, Tuska  |t Gerő, András. Imagined history. - Boulder, Colo. : Center for Hungarian Studies and Publications. - 2006 [Rezension]  |w (DE-603)394921046 
787 0 8 |i Rezensiert in  |a Ras, Franciska  |t Gerő, András. Imagined history. - Boulder, Colo. : Center for Hungarian Studies and Publications. - 2006 [Rezension]  |w (DE-603)394941829 
787 0 8 |i Rezensiert in  |a Nemes, Robert  |t Gerő, András. Imagined history. - Boulder, Colo. : Center for Hungarian Studies and Publications. - 2006 [Rezension]  |w (DE-603)394962281 
924 0 |9 2080  |a (DE-603)791890511  |b DE-2080  |c HES  |d d  |g /